|
|
|
|
| LEADER |
00000cam a2200000 4500 |
| 001 |
vtls011910751 |
| 003 |
SK-MaSNL |
| 005 |
20260301102340.0 |
| 008 |
210701s2019 xo oa frf 000 0 slo |
| 015 |
|
|
|a SNBA2020/06
|
| 020 |
|
|
|a 9788057014201
|q (brožované)
|
| 035 |
|
|
|a urn:nbn:sk:snk-am00ffja
|
| 035 |
|
|
|a urn:nbn:sk:snk-am3irx0
|
| 035 |
|
|
|a B61A3752-9593-4678-B5C4-D40FC4B40C48
|
| 040 |
|
|
|a SNK
|b slo
|c SNK
|e rda
|
| 041 |
0 |
|
|a slo
|
| 044 |
|
|
|a xo
|c SK
|
| 072 |
|
7 |
|a 639.1
|x Poľovníctvo
|2 konspekt
|
| 080 |
|
|
|a 639.1
|2 2011
|
| 080 |
|
|
|a 639.1.081
|2 2011
|
| 080 |
|
|
|a (035)
|2 2011
|
| 245 |
0 |
0 |
|a Poľovnícky šlabikár
|c zostavil Peter Šomek ; ilustrácie Viktor Bilčík, Peter Šomek ; fotografie Peter Šomek, Helena Sečkárová, Peter Šomek
|
| 250 |
|
|
|a Tretie prepracované vydanie
|
| 264 |
|
1 |
|a Bratislava
|b Peter Šomek
|c 2019
|
| 300 |
|
|
|a 259 strán
|b farebné fotografie, ilustrácie
|c 30 cm
|
| 336 |
|
|
|a text
|b txt
|2 rdacontent
|
| 336 |
|
|
|a statický obraz
|b sti
|2 rdacontent
|
| 337 |
|
|
|a bez média
|b n
|2 rdamedia
|
| 338 |
|
|
|a zväzok
|b nc
|2 rdacarrier
|
| 650 |
0 |
7 |
|a poľovníctvo
|2 SNKPH
|9 2774
|
| 650 |
0 |
7 |
|a lov zveri
|2 SNKPH
|9 2772
|
| 650 |
0 |
7 |
|a Hunting
|2 SNKPHeng
|9 265411
|
| 655 |
|
7 |
|a príručky
|2 SNKPH
|9 74364
|
| 655 |
|
7 |
|a Handbooks, manuals, etc.
|2 SNKPHeng
|9 90964
|
| 700 |
1 |
|
|a Šomek, Peter,
|c ml.
|4 com
|4 pht
|4 ill
|9 304413
|
| 700 |
1 |
|
|a Bilčík, Viktor,
|d 1938-2013
|4 ill
|9 213929
|
| 700 |
1 |
|
|a Šomek, Peter,
|c st.
|4 pht
|4 com
|9 304412
|
| 700 |
1 |
|
|a Sečkárová, Helena
|4 pht
|9 437992
|
| 919 |
|
|
|a 978-80-570-1420-1
|
| 958 |
|
|
|a OND
|
| 999 |
|
|
|c 691949
|d 693879
|
| 952 |
|
|
|a SNK
|b SNK
|y PREZ
|7 0
|p 17A1416662
|o snkSB 95274
|i snk2020/4714
|8 0
|0 0
|1 0
|4 0
|d 2020-02-25
|f 1
|l 0
|r 2025-05-15 00:00:00
|w 2026-02-23
|
| 952 |
|
|
|a SNK
|b SNK
|y VYP
|7 0
|p 17A1416661
|o snkSB 95274 D1
|i snk2020/4715
|8 0
|0 0
|1 0
|4 0
|d 2020-02-25
|l 0
|r 2026-02-23 20:30:27
|w 2026-02-23
|